| 000 | 00514nam a2200181Ia 4500 | ||
|---|---|---|---|
| 003 | Ost | ||
| 005 | 20260507075701.0 | ||
| 008 | 260507s9999||||xx |||||||||||||| ||und|| | ||
| 020 | _a6075758977 | ||
| 040 | _cfsecg | ||
| 041 | _aara | ||
| 100 |
_aعمر، حسين _eمؤلف |
||
| 245 | 0 |
_aالاستثمار و العولمة / _c حسين عمر |
|
| 260 |
_aالقاهرة: _bدار الكتاب الحديث, _c2000 |
||
| 300 | _a215 صفحة؛ | ||
| 653 | _aاستثمار/عولمة | ||
| 942 | _cكتاب | ||
| 999 |
_c45837 _d45837 |
||